| 000 | 00387nam a2200133Ia 4500 | ||
|---|---|---|---|
| 005 | 20251222144723.0 | ||
| 008 | 251222s9999||||xx |||||||||||||| ||spa|| | ||
| 020 | _a958-20-0613-7 | ||
| 082 | _a370.152/S71 | ||
| 100 | _aSoto Lombana, Carlos Arturo | ||
| 245 | 0 | _aMetacognición, Cambio Conceptual y Enseñanza de las Ciencias | |
| 264 | _bCooperativa Editorial Magisterio | ||
| 942 | _cLIB | ||
| 999 |
_c18273 _d18273 |
||